LEADER 01076nam0-22003371i-450- 001 990003230020403321 005 20061016121500.0 035 $a000323002 035 $aFED01000323002 035 $a(Aleph)000323002FED01 035 $a000323002 100 $a20030910d1983----km-y0itay50------ba 101 0 $aita 102 $aIT 105 $ay---n---001yy 200 1 $aUrbanizzazione, classi sociali, lavoro informale$eSaggi sul processo di urbanizzazione in relazione allo sviluppo economico, alla crisi attuale, alla ristrutturazione-decentramento industriale$fEnzo Mingione 210 $aMilano$cFranco Angeli$d1983 215 $a284 p.$d22 cm 225 1 $aCollana di sociologia$v69 610 0 $aSociologia urbana 676 $a16320 700 1$aMingione,$bEnzo$f<1947- >$034233 801 0$aIT$bUNINA$gRICA$2UNIMARC 901 $aBK 912 $a990003230020403321 952 $a16320 MIN$b100$fSES 952 $aVI D 524$b4806$fDDA 959 $aSES 959 $aDDA 996 $aUrbanizzazione, classi sociali, lavoro informale$9449499 997 $aUNINA LEADER 00910nam0-22002771i-450 001 990005330160403321 005 20231214151327.0 035 $a000533016 035 $aFED01000533016 035 $a(Aleph)000533016FED01 035 $a000533016 100 $a19990530f---0---9km-y0itay50------ba 101 0 $aita 105 $af-------00--- 200 1 $a"Afrodite pudica". Saggio d'arte ellenistica$fBianca Maria Felletti Maj 210 $aSan Casciano Val di Pesa$cOff. graf. F.lli Stianti$ds.d. 215 $aP. 34-65, 2 tav.$d25 cm 300 $aEstratto dalla Rivista Archeologia Classica, Vol. III, fasc. 1 700 1$aFelletti Maj,$bBianca Maria$0206886 801 0$aIT$bUNINA$gRICA$2UNIMARC 901 $aBK 912 $a990005330160403321 952 $aARCH. BM MISC. 109 (10)$bARCH. 14549$fFLFBC 959 $aFLFBC 996 $a"Afrodite pudica". Saggio d'arte ellenistica$9597486 997 $aUNINA LEADER 01186nam2 22003013i 450 001 VIA0092051 005 20251003044441.0 100 $a20091223d2001 ||||0itac50 ba 101 | $aita 102 $ait 181 1$6z01$ai $bxxxe 182 1$6z01$an 200 0 $a2 205 $a4. ed 210 $aMilano$cTecniche nuove$d[2001] 215 $a1 v. (paginazione varia)$cill.$d25 cm.((In appendice: Normativa sugli impianti, di Nino Zinna. 461 1$1001VIA0092047$12001 $aManuale della climatizzazione$fdirezione e coordinamento: Antonio Briganti$v2 606 $aIMPIANTI PER ARIA CONDIZIONATA$xMANUALI$2FIR$3MILC034690$9I 606 $aIMPIANTI DI RISCALDAMENTO$xMANUALI$2FIR$3MILC132028$9I 676 $a697.9$9Aerazione e condizionamento d'aria$v14 676 $a697.93$9Aerazione e condizionamento d'aria. Condizionamento d'aria$v22 801 3$aIT$bIT-000000$c20091223 850 $aIT-BN0095 912 $aVIA0092051 950 2$aBiblioteca Centralizzata di Ateneo$cv. 1-2$d 01SALA DING 697.9 MANDC$e 0102 0000053715 VMA A4(0002 v. 2$fY $h20040330$i20040330 977 $a 01 996 $a2$961340 997 $aUNISANNIO